Χόλος γυναικός : και άλλες ιστορίες από τον ερωτικό βίο των αρχαίων Ελλήνων
Αποθηκεύτηκε σε:
| Κύριος συγγραφέας: | |
|---|---|
| Μορφή: | Βιβλίο |
| Γλώσσα: | Greek |
| Δημοσίευση: |
Αθήνα :
Άγρα,
c1999.
|
| Θέματα: | |
| Ετικέτες: |
Προσθήκη ετικέτας
Δεν υπάρχουν, Καταχωρήστε ετικέτα πρώτοι!
|
MARC
| LEADER | 00000nam a2200000 a 4500 | ||
|---|---|---|---|
| 001 | 1/127591 | ||
| 008 | 231027s1999####gr | ||| |||| ||gre|| | ||
| 020 | |a 9603252948 | ||
| 040 | |a GR-MyUa |b gre |c GR-MyUa |e AACR2 | ||
| 041 | 0 | |a gre | |
| 082 | 7 | |a 306.709495 |2 (23) | |
| 100 | 1 | |a Κυρτάτας, Δημήτρης Ι., |d 1952- | |
| 245 | 1 | 0 | |a Χόλος γυναικός : |b και άλλες ιστορίες από τον ερωτικό βίο των αρχαίων Ελλήνων / |c Δημήτρης Ι. Κυρτάτας. |
| 260 | |a Αθήνα : |b Άγρα, |c c1999. | ||
| 300 | |a 149 σ. : |b εικ. ; |c 17 εκ. | ||
| 504 | |a Περιέχει ευρετήριο. | ||
| 650 | 0 | |a Sexual behavior |z Greece |x History. | |
| 650 | 0 | |a Sex |z Greece |x History. | |
| 651 | 0 | |a Greece |x Social life and customs. | |
| 852 | |a INST |b LESVOS |e 20231027 |h 306.709495 ΚΥΡ |p 005100065748 |q 005100065748 |t BK |y 0 | ||
| 970 | |a Καμάτσου |b Δέσποινα |z 27-10-2023 | ||